| 000 | 01746cas a2200445 a 4500 | ||
|---|---|---|---|
| 001 | 11315945 | ||
| 003 | NUST-PNEC | ||
| 005 | 20170116180715.0 | ||
| 008 | 820731d19631988ncugr 0 a0eng c | ||
| 015 |
_a013413007 _2dnb |
||
| 016 | 7 |
_a596805--7 _2DE-600 |
|
| 016 | 7 |
_a010498691 _2Uk |
|
| 016 | 7 |
_a013413007 _2DE-101 |
|
| 016 | 7 |
_a5968057 _2DE-600 |
|
| 020 | _a0876646976 | ||
| 035 | _a(OCoLC)ocm08647848 | ||
| 037 | _bInstrument Society of America, 67 Alexander Drive, P.O. Box 12277, Research Triangle Park, NC 27709 | ||
| 040 |
_aNmU _beng _cPNEC |
||
| 042 |
_ansdp _apcc |
||
| 043 | _an-us--- | ||
| 050 | 0 | 0 |
_aTA165 _b.S78 |
| 082 | 0 | 0 | _a621.38154 FER |
| 100 |
_9678 _aFerson, Lois M. |
||
| 210 | 0 | _aStand. pract. instrum. | |
| 222 | 0 | _aStandards and practices for instrumentation | |
| 245 | 0 | 0 |
_aStandards and practices for instrumentation / _cLois M. Ferson |
| 250 | _a7th ed. | ||
| 260 |
_aCalifornia _b Instrument Society of America _c 1983 |
||
| 300 |
_axi (various pagings). : _bill. ; _c28 cm. |
||
| 500 | _ahttp://www.amazon.com/Standards-Practices-Instrumentation-7th-Ed/dp/B001F6OH84/ref=sr_1_2?s=books&ie=UTF8&qid=1413524306&sr=1-2&keywords=0876646976 | ||
| 580 | _aCompilation of individual standards published by the Instrument Society of America. | ||
| 590 | _aSERBIB/SERLOC merged record | ||
| 650 | 0 |
_aEngineering instruments _xStandards _zUnited States _vPeriodicals. |
|
| 650 | 0 |
_aEngineering instruments _xEL |
|
| 710 | 2 | _aInstrument Society of America. | |
| 785 | 0 | 0 |
_tStandards and recommended practices for instrumentation and control _x1042-6019 _w(DLC) 89657718 _w(OCoLC)19090333 |
| 906 |
_a7 _bcbc _cserials _d2 _encip _f19 _gn-oclcserc |
||
| 942 |
_2ddc _cBK |
||
| 999 |
_c61135 _d61135 |
||